[Event "5th HD Bank Cup 2015"]
[Site "Ho Chi Minh City VIE"]
[Date "2015.03.18"]
[Round "2.10"]
[White "Tran, Tuan Minh"]
[Black "Hoang, Thi Bao Tram"]
[Result "1-0"]
[WhiteTitle "IM"]
[BlackTitle "WGM"]
[WhiteElo "2455"]
[BlackElo "2303"]
[WhiteFideId "12401820"]
[BlackFideId "12401102"]
[EventDate "2015.03.17"]

1. d4 d5 2. c4 e6 3. Nc3 Nf6 4. Bg5 c6 5. e3 Nbd7 6. cxd5 exd5 7. Bd3 Be7 8.
Nge2 Nh5 9. Bxe7 Qxe7 10. O-O g6 11. Rb1 O-O 12. b4 a6 13. a4 Ndf6 14. b5 axb5
15. axb5 Qd6 16. h3 Be6 17. Na4 Nd7 18. Qc2 Rfc8 19. bxc6 bxc6 20. Rfc1 Ra5 21.
Nb6 Nxb6 22. Rxb6 Bd7 23. Ba6 Rb8 24. Qb3 Rxb6 25. Qxb6 Ra2 26. Nc3 Rxf2 27.
Kxf2 Qg3+ 28. Ke2 Qxg2+ 29. Ke1 Qxh3 30. Qb8+ Kg7 31. Qe5+ Kh6 32. Kd2 Bf5 33.
Rg1 Qh4 34. Be2 f6 35. Qd6 Ng7 36. Qxc6 Qh2 37. Rf1 Qb8 38. Rh1+ Kg5 39. Nb5 Ne6
40. Qxd5 h5 41. Rf1 Kh6 42. Rxf5 1-0

[Event "5th HD Bank Cup 2015"]
[Site "Ho Chi Minh City VIE"]
[Date "2015.03.18"]
[Round "2.11"]
[White "Karthikeyan, P."]
[Black "Nay Oo Kyaw Tun"]
[Result "1/2-1/2"]
[WhiteTitle "IM"]
[BlackTitle "IM"]
[WhiteElo "2452"]
[BlackElo "2292"]
[WhiteFideId "5018226"]
[BlackFideId "13000110"]
[EventDate "2015.03.17"]

1. d4 d5 2. c4 c6 3. Nf3 Nf6 4. Qc2 dxc4 5. Qxc4 Bf5 6. g3 e6 7. Bg2 Be7 8. O-O
O-O 9. Nc3 Nbd7 10. e3 Ne4 11. Ne1 Nxc3 12. bxc3 Bg6 13. e4 c5 14. Be3 Rc8 15.
Qa4 Qc7 16. Rb1 b6 17. Nd3 Qc6 18. Qxc6 Rxc6 19. Nf4 Rcc8 20. h4 Bd6 21. Nxg6
hxg6 22. Rfd1 Be7 23. a4 cxd4 24. cxd4 Rfd8 25. e5 Nb8 26. a5 bxa5 27. d5 exd5
28. Rxd5 Bb4 29. Rxd8+ Rxd8 30. Bxa7 Re8 31. Rc1 Nd7 32. f4 Nf8 33. Bb6 Rb8 34.
Bc7 Rc8 35. Bb7 Re8 36. Bc6 Rc8 37. Bb7 Re8 38. Bc6 Rc8 39. Bb7 1/2-1/2

[Event "5th HD Bank Cup 2015"]
[Site "Ho Chi Minh City VIE"]
[Date "2015.03.18"]
[Round "2.12"]
[White "Pitra, Andika"]
[Black "Nguyen, Van Huy"]
[Result "1-0"]
[WhiteTitle "FM"]
[BlackTitle "IM"]
[WhiteElo "2310"]
[BlackElo "2452"]
[WhiteFideId "7103255"]
[BlackFideId "12401064"]
[EventDate "2015.03.17"]

1. e4 c6 2. d4 d5 3. e5 Bf5 4. h4 h5 5. Bd3 Bxd3 6. Qxd3 e6 7. Bg5 Qa5+ 8. Nc3
Qa6 9. Qg3 Nd7 10. Nge2 Bb4 11. O-O Bxc3 12. Nxc3 Kf8 13. Qf3 c5 14. dxc5 Nh6
15. Qxh5 Kg8 16. Rfe1 Qc4 17. Qe2 Qxe2 18. Rxe2 Nf5 19. Rd1 Nxh4 20. Be7 Nf5 21.
Bd6 Rh4 22. b3 Rc8 23. Na4 b5 24. cxb6 axb6 25. g3 Nd4 26. Re3 Rg4 27. c3 Nf5
28. Red3 Ra8 29. a3 Nxd6 30. exd6 b5 31. Nb2 Rxa3 32. c4 Ra2 33. c5 Ra6 34. Rc3
Rc6 35. Nd3 b4 36. Rcc1 Rd4 37. f4 f6 38. Kf2 Kf7 39. Ke3 Re4+ 40. Kf3 Rd4 41.
Ke3 Re4+ 42. Kd2 e5 43. f5 Rd4 44. Ke3 Re4+ 45. Kf2 Rd4 46. Ke3 Re4+ 47. Kf2 Rd4
48. Ke3 Ke8 49. Rh1 Rxd3+ 50. Kxd3 Nxc5+ 51. Ke2 Kd7 52. Rh7 Kxd6 53. Rxg7 Ra6
54. Rg6 Ra2+ 55. Kf3 Ne4 56. g4 Rb2 57. Rg8 Rxb3+ 58. Kg2 Rg3+ 59. Kh2 Rc3 60.
Ra1 Rc2+ 61. Kh3 b3 62. Rb8 Rc3+ 63. Kh4 Kc5 64. Ra5+ Kc4 65. Kh5 d4 66. Ra4+
Kd3 67. Rab4 Kc2 68. Kg6 Rg3 69. Kf7 Rc3 70. Kg6 Nf2 71. g5 d3 72. Rd8 fxg5 73.
f6 d2 74. f7 Nd3 75. f8=Q d1=Q 76. Qf5 b2 77. Rdb8 Kc1 78. Qxg5+ Kc2 79. Rxb2+
Nxb2 80. Qg2+ Kd3 81. Rd8+ Ke3 82. Qg5+ Kf2 83. Rxd1 Nxd1 84. Qd2+ Kg3 85. Qxd1
Rf3 86. Qe1+ Kf4 87. Kf6 Re3 88. Qf2+ Ke4 89. Ke6 Kd3 90. Kd5 e4 91. Qg1 Re2 92.
Qd4+ Kc2 93. Kc4 Kc1 94. Qa1+ Kd2 95. Kd4 Re1 96. Qa5+ Kd1 97. Qc3 Re2 98. Qa1+
Kd2 99. Qb2+ Kd1 100. Qa1+ Kd2 101. Qb1 Re1 102. Qb2+ Kd1 103. Qc3 Re2 104. Ke5
Re1 105. Kf4 Re2 106. Kg3 Rd2 107. Qb3+ Ke2 108. Kf4 Rd4 109. Qe3+ 1-0

[Event "5th HD Bank Cup 2015"]
[Site "Ho Chi Minh City VIE"]
[Date "2015.03.18"]
[Round "2.13"]
[White "Myo Naing"]
[Black "Pascua, Haridas"]
[Result "0-1"]
[WhiteTitle "IM"]
[BlackTitle "IM"]
[WhiteElo "2299"]
[BlackElo "2423"]
[WhiteFideId "13000071"]
[BlackFideId "5203953"]
[EventDate "2015.03.17"]

1. d4 Nf6 2. Nf3 g6 3. Bf4 Bg7 4. h3 d6 5. e3 O-O 6. Nbd2 Nfd7 7. Bh2 e5 8. c3
Qe7 9. dxe5 dxe5 10. Be2 f5 11. O-O a6 12. Nc4 Nc6 13. a4 g5 14. b4 e4 15. Nd4
Nxd4 16. cxd4 f4 17. Qb3 Kh8 18. Nd2 c6 19. Rfe1 Nb6 20. Qc2 Nd5 21. Bd1 Bf5 22.
Qc5 Qd7 23. Ra3 Rfe8 24. Qc4 b5 25. Qb3 Rad8 26. axb5 axb5 27. Bc2 fxe3 28. fxe3
Qe7 29. Rb1 Nxe3 30. Nf1 Nxf1 31. Rxf1 Bxd4+ 32. Kh1 Be6 33. Qb1 Bd5 34. Bg1
Bxg1 35. Rxg1 e3 36. Re1 Bxg2+ 37. Kxg2 Rd2+ 38. Kg1 Qe5 39. Qa1 Qxa1 40. Raxa1
Rxc2 41. Ra3 Rc4 0-1

[Event "5th HD Bank Cup 2015"]
[Site "Ho Chi Minh City VIE"]
[Date "2015.03.18"]
[Round "2.14"]
[White "Tran, Quoc Dung"]
[Black "Tu, Hoang Thong"]
[Result "1/2-1/2"]
[BlackTitle "GM"]
[WhiteElo "2288"]
[BlackElo "2414"]
[WhiteFideId "12400645"]
[BlackFideId "12400076"]
[EventDate "2015.03.17"]

1. d4 d5 2. c4 c6 3. cxd5 cxd5 4. Nc3 Nf6 5. Nf3 Nc6 6. Bf4 a6 7. e3 Bg4 8. Be2
e6 9. O-O Bd6 10. Bxd6 Qxd6 11. h3 Bh5 12. Rc1 O-O 13. Nd2 Bxe2 14. Qxe2 Rfc8
15. a3 Nd7 16. Nb3 Nd8 17. Nb1 Rc6 18. Rxc6 Nxc6 19. Rc1 Rc8 20. Nc5 Nxc5 21.
Rxc5 Na7 22. Rxc8+ Nxc8 23. Qc2 Na7 24. Nd2 Qc6 25. Qxc6 Nxc6 26. Kf1 Kf8 27.
Ke2 Ke8 28. Kd3 Kd8 29. Kc3 Kc8 30. Kd3 Kb8 1/2-1/2

[Event "5th HD Bank Cup 2015"]
[Site "Ho Chi Minh City VIE"]
[Date "2015.03.18"]
[Round "2.15"]
[White "Karavade, Eesha"]
[Black "Vo, Dai Hoai Duc"]
[Result "1-0"]
[WhiteTitle "IM"]
[WhiteElo "2405"]
[BlackElo "2195"]
[WhiteFideId "5012600"]
[BlackFideId "12400033"]
[EventDate "2015.03.17"]

1. d4 Nf6 2. c4 e6 3. Nc3 Bb4 4. Qc2 c5 5. dxc5 Bxc5 6. Nf3 Qb6 7. e3 Be7 8. Be2
d6 9. b3 a6 10. Bb2 Qc7 11. g4 h6 12. g5 hxg5 13. Nxg5 b5 14. Rg1 Bf8 15. cxb5
Rxh2 16. Rc1 Rh6 17. b6 Qd8 18. Bf3 d5 19. Nxd5 exd5 20. Qxc8 Nbd7 21. b7 Rb8
22. Qxd8+ Rxd8 23. Rc8 Bb4+ 24. Ke2 Ba5 25. Be5 Rg6 26. Nh3 Rxg1 27. Nxg1 Bb6
28. Nh3 Ba7 29. Bc7 1-0

[Event "5th HD Bank Cup 2015"]
[Site "Ho Chi Minh City VIE"]
[Date "2015.03.18"]
[Round "2.16"]
[White "Laylo, Darwin"]
[Black "Grafil, Franz Robert"]
[Result "1-0"]
[WhiteTitle "GM"]
[WhiteElo "2499"]
[BlackElo "2123"]
[WhiteFideId "5201330"]
[BlackFideId "5205298"]
[EventDate "2015.03.17"]

1. c4 e6 2. d4 Nf6 3. Nf3 c5 4. d5 b5 5. Bg5 exd5 6. cxd5 d6 7. e4 a6 8. Nbd2
Be7 9. Bf4 O-O 10. a4 b4 11. Bd3 Re8 12. O-O Nbd7 13. a5 Nf8 14. Nc4 Ng6 15. Bg3
Nh5 16. e5 Nxg3 17. fxg3 Ra7 18. Bxg6 hxg6 19. Re1 Bf8 20. Qd2 Bg4 21. exd6
Rxe1+ 22. Rxe1 Bxf3 23. gxf3 Rd7 24. Qe3 Bxd6 25. Qe8+ Bf8 26. Nb6 Rd6 27. b3 g5
28. Kf2 g4 29. Qxd8 Rxd8 30. fxg4 f6 31. Re4 Kf7 32. Ke3 Bd6 33. Kd3 Rh8 34. Re6
Be5 35. Nc4 Rxh2 36. Rxa6 Bxg3 37. Ra7+ Kg6 38. d6 Rh8 39. Ke4 Rh4 40. d7 Rh8
41. Rb7 Kg5 42. a6 Kxg4 43. a7 f5+ 44. Kd5 f4 45. Rb8 1-0

[Event "5th HD Bank Cup 2015"]
[Site "Ho Chi Minh City VIE"]
[Date "2015.03.18"]
[Round "2.17"]
[White "Tran, Ngoc Lan"]
[Black "Gomez, John Paul"]
[Result "1-0"]
[BlackTitle "GM"]
[WhiteElo "2219"]
[BlackElo "2524"]
[WhiteFideId "12401811"]
[BlackFideId "5201381"]
[EventDate "2015.03.17"]

1. e4 e6 2. d4 d5 3. Nc3 Nf6 4. exd5 exd5 5. Bd3 Be7 6. Nge2 O-O 7. Bg5 Re8 8.
Qd2 Nbd7 9. f3 b6 10. O-O Bb7 11. Rfe1 c6 12. Ng3 g6 13. Nce2 Qc7 14. h4 Bd6 15.
Nf5 Nh5 16. g4 Ng7 17. Nxd6 Qxd6 18. Kg2 a5 19. Bf4 Qf8 20. Ng3 Ne6 21. Bh6 Qd6
22. c3 c5 23. h5 cxd4 24. cxd4 Nxd4 25. Nf5 Nxf5 26. gxf5 Nc5 27. Bb5 Rxe1 28.
Rxe1 d4 29. Qe2 Nd7 30. Bxd7 Qxd7 31. Qe5 f6 32. Qxf6 Qf7 33. Qxf7+ Kxf7 34. Bg5
Bd5 35. Re7+ Kg8 36. Rd7 Bf7 37. fxg6 hxg6 38. h6 Rf8 39. Be7 Re8 40. Bf6 g5 41.
Bxd4 Rf8 42. Bxb6 a4 43. Bc5 Rc8 44. Bd4 Rf8 45. Bg7 Re8 46. Bc3 Rf8 47. a3 1-0

[Event "5th HD Bank Cup 2015"]
[Site "Ho Chi Minh City VIE"]
[Date "2015.03.18"]
[Round "2.18"]
[White "Bao, Khoa"]
[Black "Barbosa, Oliver"]
[Result "0-1"]
[WhiteTitle "IM"]
[BlackTitle "GM"]
[WhiteElo "2237"]
[BlackElo "2501"]
[WhiteFideId "12401501"]
[BlackFideId "5201640"]
[EventDate "2015.03.17"]

1. d4 Nf6 2. Nf3 g6 3. Bf4 Bg7 4. e3 O-O 5. Nbd2 d6 6. h3 Nfd7 7. c3 e5 8. dxe5
dxe5 9. Bg3 Nc6 10. Bb5 Qe7 11. e4 a6 12. Bc4 b5 13. Bd5 Bb7 14. O-O Nb6 15. Bb3
Na5 16. Qe2 c5 17. Bh4 Qc7 18. Rfd1 h6 19. Nf1 Nxb3 20. axb3 f5 21. exf5 gxf5
22. Ne1 Nd5 23. f3 Rae8 24. Ne3 Nf4 25. Qf2 e4 26. Bg3 Nxh3+ 27. gxh3 f4 28. Bh2
fxe3 29. Bxc7 exf2+ 30. Kxf2 exf3 31. Rd2 Bf6 32. Bg3 Bg5 33. Rd3 Re2+ 34. Kf1
f2 0-1

[Event "5th HD Bank Cup 2015"]
[Site "Ho Chi Minh City VIE"]
[Date "2015.03.18"]
[Round "2.19"]
[White "Nguyen, Dang Hong Phuc"]
[Black "Padmini, Rout"]
[Result "1-0"]
[BlackTitle "WGM"]
[WhiteElo "2047"]
[BlackElo "2454"]
[WhiteFideId "12402761"]
[BlackFideId "5029295"]
[EventDate "2015.03.17"]

1. d4 Nf6 2. Nf3 g6 3. g3 Bg7 4. Bg2 O-O 5. O-O d6 6. c4 Nbd7 7. Nc3 e5 8. b3
Re8 9. Qc2 c6 10. Rd1 e4 11. Ng5 e3 12. fxe3 Nf8 13. Nge4 Nxe4 14. Bxe4 Bh3 15.
Qd3 h5 16. Bg2 Qd7 17. e4 Rad8 18. Bg5 Rc8 19. Rac1 Bxg2 20. Kxg2 Qg4 21. Be3 h4
22. Bf2 h3+ 23. Kg1 Nh7 24. Qf3 Qd7 25. Be3 Nf6 26. Bg5 Ng4 27. Bf4 Rf8 28. e3
Rcd8 29. Bxd6 Nxh2 30. Kxh2 Qxd6 31. Kxh3 f6 32. Kg2 Bh6 33. Rc2 Kg7 34. Rf2 Bg5
35. Rh1 Rh8 36. Rxh8 Rxh8 37. e5 Qe6 38. exf6+ Kg8 39. Re2 Bxf6 40. Ne4 Be7 41.
Nf2 Kg7 42. Qg4 Qxg4 43. Nxg4 a5 44. a4 Rb8 45. Ne5 Bd6 46. Nd3 b5 47. axb5 cxb5
48. c5 Bc7 49. d5 a4 50. b4 Rd8 51. e4 Kf6 52. e5+ Kf5 53. d6 Bb8 54. e6 1-0

[Event "5th HD Bank Cup 2015"]
[Site "Ho Chi Minh City VIE"]
[Date "2015.03.18"]
[Round "2.20"]
[White "Torre, Eugenio"]
[Black "Vo, Thi Kim Phung"]
[Result "1-0"]
[WhiteTitle "GM"]
[BlackTitle "WIM"]
[WhiteElo "2449"]
[BlackElo "2197"]
[WhiteFideId "5200016"]
[BlackFideId "12401838"]
[EventDate "2015.03.17"]

1. d4 Nf6 2. Nf3 g6 3. Nc3 d5 4. Bf4 c6 5. e3 Bg7 6. h3 O-O 7. Be2 Nbd7 8. O-O
a6 9. a4 a5 10. Re1 Nb6 11. Ra3 Bf5 12. Rb3 Ne8 13. Bd3 Bxd3 14. Qxd3 Nd6 15. e4
Nxe4 16. Nxe4 dxe4 17. Qxe4 e6 18. Be5 Ra6 19. Bxg7 Kxg7 20. Ne5 Qc7 21. Qh4 Qd8
22. Qf4 Nd5 23. Qd2 Ra7 24. Ng4 Nf6 25. Qh6+ Kg8 26. Re5 Nd7 27. Rg3 Qe7 28. Re2
Rd8 29. Rf3 f5 30. Ne3 Nf8 31. c3 Qf6 32. Qf4 b5 33. Ng4 Qg7 34. Ne5 Rc7 35. Rg3
Rdc8 36. h4 h6 37. Qe3 Kh7 38. Nxg6 Nxg6 39. h5 Nf8 40. Rxg7+ Rxg7 41. Qe5 bxa4
42. Qxa5 Rcc7 43. Qxa4 Rg5 44. f3 Rxh5 45. Qa8 Kg7 46. Qb8 Rf7 47. Qb6 Rg5 48.
Qxc6 Rf6 49. Qc7+ Kg8 50. b4 Ng6 51. b5 Nh4 52. b6 Rf7 53. b7 1-0

[Event "5th HD Bank Cup 2015"]
[Site "Ho Chi Minh City VIE"]
[Date "2015.03.18"]
[Round "2.21"]
[White "Zhou, Guijue"]
[Black "Le, Tuan Minh"]
[Result "0-1"]
[WhiteTitle "WIM"]
[BlackTitle "FM"]
[WhiteElo "2175"]
[BlackElo "2393"]
[WhiteFideId "8602905"]
[BlackFideId "12401153"]
[EventDate "2015.03.17"]

1. e4 c5 2. Nf3 Nc6 3. Bb5 d6 4. O-O Bd7 5. Re1 Nf6 6. c3 a6 7. Ba4 b5 8. Bc2
Bg4 9. h3 Bxf3 10. Qxf3 g6 11. a4 Bg7 12. axb5 axb5 13. e5 Rxa1 14. exf6 Bxf6
15. Qxf6 O-O 16. Qf3 d5 17. d3 Qd6 18. Nd2 Rc8 19. Bb3 c4 20. dxc4 dxc4 21. Ne4
Qe5 22. Bc2 f5 23. Qd1 fxe4 24. Bxe4 Qd6 25. Qc2 Ne5 26. Rf1 Nd3 27. Be3 Rxf1+
28. Kxf1 Nxb2 29. f4 Nd3 30. g3 Rd8 31. Bf3 Qe6 32. Bd4 Qxh3+ 0-1

[Event "5th HD Bank Cup 2015"]
[Site "Ho Chi Minh City VIE"]
[Date "2015.03.18"]
[Round "2.22"]
[White "Yap, Kim Steven"]
[Black "Le, Kieu Thien Kim"]
[Result "1-0"]
[WhiteTitle "IM"]
[BlackTitle "WIM"]
[WhiteElo "2389"]
[BlackElo "2138"]
[WhiteFideId "5202809"]
[BlackFideId "12400572"]
[EventDate "2015.03.17"]

1. e4 e5 2. Nf3 Nf6 3. Bc4 Nc6 4. Ng5 d5 5. exd5 Na5 6. Bb5+ c6 7. dxc6 bxc6 8.
Bd3 Nd5 9. Nf3 Nf4 10. O-O Nxd3 11. cxd3 Bd6 12. Re1 O-O 13. Nxe5 Re8 14. d4 f6
15. Nf3 Bg4 16. Re3 c5 17. h3 Bh5 18. dxc5 Bxc5 19. d4 Bxf3 20. Rxe8+ Qxe8 21.
Qxf3 Bxd4 22. Qd5+ Kh8 23. Qxd4 Qe1+ 24. Kh2 Qxc1 25. Qc3 Qf4+ 26. Kg1 Nc4 27.
Na3 Nxa3 28. Qxa3 h6 29. Rd1 a5 30. g3 Qf5 31. h4 Rb8 32. Qc3 Qb5 33. b3 Re8 34.
a4 Qf5 35. Qd3 Qg4 36. Rc1 Rb8 37. Rc5 Qb4 38. Rb5 Qe1+ 39. Qf1 Qe8 40. Rxb8
Qxb8 41. Qb5 Qd8 42. b4 Qd1+ 43. Kg2 axb4 44. Qxb4 Qd5+ 45. Kg1 Qd1+ 46. Kh2 Qf3
47. Qb6 f5 48. a5 Kh7 49. a6 Qe2 50. a7 Qf3 51. h5 Qxh5+ 52. Kg2 Qe8 53. Qb7 1-0

[Event "5th HD Bank Cup 2015"]
[Site "Ho Chi Minh City VIE"]
[Date "2015.03.18"]
[Round "2.23"]
[White "Hoang, Canh Huan"]
[Black "Cho, Seongho"]
[Result "1-0"]
[WhiteTitle "FM"]
[WhiteElo "2348"]
[BlackElo "2036"]
[WhiteFideId "12400599"]
[BlackFideId "13200550"]
[EventDate "2015.03.17"]

1. e4 c5 2. Nc3 Nc6 3. Nf3 Nf6 4. Bb5 Nd4 5. e5 Nxb5 6. Nxb5 Nd5 7. c4 Nb4 8.
O-O a6 9. Nc3 d6 10. exd6 e6 11. Ne4 Bxd6 12. d4 cxd4 13. Qxd4 Bf8 14. Qe5 f6
15. Qh5+ g6 16. Qh4 Be7 17. Bd2 Nc6 18. Bc3 f5 19. Neg5 Bf6 20. Nxe6 Bxh4 21.
Nxd8 Bxd8 22. Bxh8 Kf7 23. Bc3 Be6 24. b3 g5 25. Rfe1 g4 26. Nd4 Nxd4 27. Bxd4
Bc7 28. Rad1 Rg8 29. Be5 Bd8 30. Bf4 Be7 31. Re2 h5 32. Rd3 1-0

[Event "5th HD Bank Cup 2015"]
[Site "Ho Chi Minh City VIE"]
[Date "2015.03.18"]
[Round "2.24"]
[White "Pham, Le Thao Nguyen"]
[Black "Vu, Quang Quyen"]
[Result "1/2-1/2"]
[WhiteTitle "IM"]
[BlackTitle "CM"]
[WhiteElo "2338"]
[BlackElo "1940"]
[WhiteFideId "12401226"]
[BlackFideId "12402168"]
[EventDate "2015.03.17"]

1. d4 Nf6 2. Bf4 e6 3. e3 c5 4. Nd2 d5 5. c3 Nc6 6. Bd3 Qb6 7. Rb1 Bd7 8. Ngf3
Nh5 9. Bg5 h6 10. Bh4 g5 11. Ne5 Nxe5 12. dxe5 Ng7 13. Bg3 Be7 14. e4 Bb5 15.
Bxb5+ Qxb5 16. exd5 exd5 17. Qf3 Qd7 18. c4 Rd8 19. O-O O-O 20. b3 Qf5 21. Qc3
b6 22. Rbe1 Ne6 23. cxd5 Rxd5 24. Nc4 Rd4 25. f3 Rfd8 26. Kh1 h5 27. Qc1 Rd3 28.
h3 1/2-1/2

[Event "5th HD Bank Cup 2015"]
[Site "Ho Chi Minh City VIE"]
[Date "2015.03.18"]
[Round "2.25"]
[White "Cao, Sang"]
[Black "Nguyen, Tran Ngoc Thuy"]
[Result "1-0"]
[WhiteTitle "GM"]
[BlackTitle "WFM"]
[WhiteElo "2480"]
[BlackElo "1887"]
[WhiteFideId "725056"]
[BlackFideId "12400661"]
[EventDate "2015.03.17"]

1. e4 c6 2. d4 d5 3. e5 Bf5 4. Nf3 e6 5. Be2 Nd7 6. O-O c5 7. Nbd2 Ne7 8. Nb3 c4
9. Nbd2 Nc6 10. c3 b5 11. Re1 b4 12. Nf1 bxc3 13. bxc3 Qa5 14. Bd2 Ba3 15. Nh4
Bb2 16. Nxf5 exf5 17. Rb1 Bxc3 18. Bxc3 Qxc3 19. Ne3 Ne7 20. Qa4 Rd8 21. Qxa7
O-O 22. Rec1 Qxc1+ 23. Rxc1 Nc6 24. Qb7 Nxd4 25. Bf1 Nxe5 26. Nxd5 Rd7 27. Ne7+
Kh8 28. Qb6 Re8 29. f4 Ng4 30. Rxc4 Ne6 31. Nxf5 Nf6 32. Qb2 Rd5 33. Ne3 Rdd8
34. a4 Nf8 35. Nf5 Re1 36. Rc1 Re4 37. a5 Rxf4 38. Nd6 Kg8 39. Qb6 1-0

[Event "5th HD Bank Cup 2015"]
[Site "Ho Chi Minh City VIE"]
[Date "2015.03.18"]
[Round "2.26"]
[White "Bitoon, Richard"]
[Black "Manaog, Stewart"]
[Result "1-0"]
[WhiteTitle "GM"]
[WhiteElo "2422"]
[BlackElo "2104"]
[WhiteFideId "5201110"]
[BlackFideId "5207410"]
[EventDate "2015.03.17"]

1. e4 c5 2. b3 Nc6 3. Bb2 d6 4. Bb5 Bd7 5. Ne2 a6 6. Bxc6 Bxc6 7. Nbc3 Nf6 8. d3
e6 9. Ng3 b5 10. O-O h5 11. h3 h4 12. Nge2 g5 13. Kh1 Rg8 14. Ng1 b4 15. Nce2 e5
16. a3 g4 17. axb4 cxb4 18. f4 gxh3 19. Nxh3 Ng4 20. fxe5 dxe5 21. Neg1 Bc5 22.
Qf3 Qe7 23. Rae1 f6 24. Qf5 Bd7 25. Qh5+ Kd8 26. d4 exd4 27. Qd5 Kc7 28. Bxd4
Bxd4 29. Qxd4 Qd6 30. Qxd6+ Kxd6 31. Nf3 Rac8 32. Re2 Bb5 33. Rd2+ Ke7 34. Re1
Rh8 35. Nf4 Kf7 36. e5 fxe5 37. Nxe5+ Nxe5 38. Rxe5 Rh6 39. Nd5 h3 40. gxh3
Rxh3+ 41. Kg2 Rh4 42. Kg3 Rh6 43. Rf2+ Kg7 44. Rg5+ Kh8 45. Nxb4 Rc3+ 46. Rf3
Rh3+ 47. Kxh3 Rxf3+ 48. Kg4 Rc3 49. Kf5 a5 50. Nd5 1-0

[Event "5th HD Bank Cup 2015"]
[Site "Ho Chi Minh City VIE"]
[Date "2015.03.18"]
[Round "2.27"]
[White "Htay Min Lwin"]
[Black "Tran, Le Dan Thuy"]
[Result "1-0"]
[BlackTitle "WFM"]
[WhiteElo "2286"]
[BlackElo "2076"]
[WhiteFideId "13001795"]
[BlackFideId "12403407"]
[EventDate "2015.03.17"]

1. Nf3 d5 2. d4 Nf6 3. Bf4 Bf5 4. e3 Nbd7 5. c4 c6 6. Nc3 e6 7. Qb3 Qb6 8. c5
Qxb3 9. axb3 Nh5 10. Bc7 Rc8 11. Bg3 Nxg3 12. hxg3 a6 13. b4 Be7 14. Nh4 Bc2 15.
Kd2 Bg6 16. Nxg6 fxg6 17. Bd3 O-O 18. f4 Nf6 19. Be2 h5 20. Bd3 Kf7 21. Ne2 Ng4
22. Ng1 Nf2 23. Nf3 Nxd3 24. Kxd3 Bf6 25. Rhc1 Rh8 26. b3 Rhd8 27. Ke2 Ke7 28.
Rh1 Rh8 29. Ne1 Kf7 30. Nd3 Rhf8 31. Kf3 Ke7 32. Ke2 Rh8 33. Nf2 Kf7 34. g4 Rcf8
35. g5 Bd8 36. b5 cxb5 37. c6 bxc6 38. Rxa6 Be7 39. Rxc6 Rc8 40. Rhc1 Rxc6 41.
Rxc6 Rd8 42. Nd3 Bd6 43. Rb6 1-0

[Event "5th HD Bank Cup 2015"]
[Site "Ho Chi Minh City VIE"]
[Date "2015.03.18"]
[Round "2.28"]
[White "Le, Minh Hoang"]
[Black "Tran, Manh Tien"]
[Result "1/2-1/2"]
[WhiteTitle "CM"]
[WhiteElo "2025"]
[BlackElo "2266"]
[WhiteFideId "12404683"]
[BlackFideId "12401897"]
[EventDate "2015.03.17"]

1. d4 f5 2. Nf3 Nf6 3. g3 g6 4. c3 Bg7 5. Qb3 e6 6. Bg2 Nc6 7. O-O O-O 8. Nbd2
d5 9. Ne1 h6 10. Nd3 b6 11. Nf3 Ne4 12. Qa4 Qe8 13. Qc2 Ba6 14. Bf4 Rc8 15. Nfe5
Na5 16. b4 Nb7 17. a4 Nbd6 18. f3 Nf6 19. Bc1 Nd7 20. Nc6 Bb7 21. Nce5 Kh7 22.
Bf4 Nf6 23. a5 g5 24. Bd2 Nd7 25. axb6 axb6 26. f4 g4 27. Ra7 Nf6 28. Nf2 Kg8
29. c4 Ba8 30. Rfa1 Qd8 31. e3 h5 32. Qa4 h4 33. c5 hxg3 34. hxg3 bxc5 35. bxc5
Nde4 36. Nxe4 dxe4 37. Bf1 Nd5 38. Nd7 Qe8 39. Nxf8 Bc6 40. Qc2 Kxf8 41. Ba6 Rd8
42. Bb7 Bxb7 43. Rxb7 Ra8 44. Rxa8 Qxa8 45. Qb2 Qa4 46. Qb3 Qa1+ 47. Qb1 Bxd4
48. Qxa1 Bxa1 49. Ba5 c6 50. Kf2 Bf6 51. Rb6 Ne7 52. Rb8+ Kf7 53. Bd8 Ke8 54.
Bxe7+ Kxe7 55. Ke2 Bc3 56. Rb1 e5 57. Rb7+ Ke6 58. Rb3 Ba5 59. Rb8 exf4 60. gxf4
Ke7 61. Kd1 Bc3 62. Kc2 Be1 63. Rb1 Bh4 64. Rd1 Ke6 65. Rd6+ Kf7 66. Kd2 g3 67.
Ke2 g2 68. Rd1 Be7 69. Rg1 Bxc5 70. Rxg2 Be7 71. Kd2 Bd8 72. Rg1 Ba5+ 73. Ke2
Bb4 74. Rc1 c5 75. Kd1 Ke6 76. Kc2 c4 77. Rh1 Bc5 78. Rh6+ Kd5 79. Rf6 Bxe3 80.
Rxf5+ Kd4 81. Rf8 Bf2 82. Re8 Bg3 83. f5 Bh4 84. Re6 Kd5 85. Re8 Bf6 86. Re6 Bh4
87. Rh6 Bg3 88. Ra6 e3 89. Kd1 Ke4 90. Ke2 Kxf5 91. Kxe3 c3 92. Rc6 Be1 93. Rc5+
Ke6 94. Ke4 Kd6 95. Rc4 Bd2 96. Kd4 Ke6 97. Rc6+ Kf5 1/2-1/2

[Event "5th HD Bank Cup 2015"]
[Site "Ho Chi Minh City VIE"]
[Date "2015.03.18"]
[Round "2.29"]
[White "Tu, Hoang Thai"]
[Black "Nguyen, Phuoc Tam"]
[Result "1/2-1/2"]
[WhiteTitle "IM"]
[WhiteElo "2249"]
[BlackElo "2059"]
[WhiteFideId "12400351"]
[BlackFideId "12402109"]
[EventDate "2015.03.17"]

1. d4 f5 2. Bf4 Nf6 3. e3 d5 4. c4 e6 5. Nc3 c6 6. Nf3 Qa5 7. Bd3 Nbd7 8. O-O
dxc4 9. Bxc4 Nb6 10. Bc7 Qb4 11. Bb3 Nbd5 12. Be5 Be7 13. Qc2 Qa5 14. Nd2 O-O
15. Rae1 Bd7 16. e4 Nxc3 17. bxc3 Kh8 18. Nc4 Qa6 19. exf5 exf5 20. Bg3 Nd5 21.
Ne5 Be8 22. Nd3 Qa3 23. Be5 Bf7 24. c4 Nb4 25. Nxb4 Qxb4 26. Rb1 f4 27. Ba4 Qxc4
28. Rxb7 Qxc2 29. Bxc2 Bf6 30. Bxf6 gxf6 31. a3 Rad8 32. Rd1 f3 33. gxf3 Rg8+
34. Kh1 Rg7 35. Rg1 Bg6 36. Rxg7 Kxg7 37. Be4 Rxd4 38. Bxc6 Rd3 39. a4 Rc3 40.
Bd5 Ra3 41. Bc6 1/2-1/2

[Event "5th HD Bank Cup 2015"]
[Site "Ho Chi Minh City VIE"]
[Date "2015.03.18"]
[Round "2.30"]
[White "Lee, Kyungseok"]
[Black "Nguyen, Thi Mai Hung"]
[Result "0-1"]
[BlackTitle "WGM"]
[WhiteElo "1959"]
[BlackElo "2248"]
[WhiteFideId "13202154"]
[BlackFideId "12401676"]
[EventDate "2015.03.17"]

1. d4 d5 2. c4 c6 3. cxd5 cxd5 4. Nf3 Nc6 5. Nc3 Nf6 6. Bf4 a6 7. e3 Bf5 8. Bd3
Bxd3 9. Qxd3 e6 10. O-O Be7 11. Rfc1 O-O 12. Bg5 h6 13. Bxf6 Bxf6 14. Na4 Qe7
15. Nc5 Rfc8 16. Qd2 Rc7 17. Nd3 Rac8 18. Nfe5 Bxe5 19. Nxe5 Nxe5 20. dxe5 Rc5
21. Rxc5 Qxc5 22. g3 Qc2 23. Rd1 b5 24. f4 h5 25. Kf2 f6 26. exf6 gxf6 27. Qe2
Kg7 28. Rd2 Qf5 29. Kg2 Rc1 30. Rd1 Qc2 31. Rd2 Qe4+ 32. Kh3 Kh6 33. Rd3 Rg1 34.
Kh4 Qg6 35. Rd4 Rg2 0-1